Southville International School and Colleges
Your cart is empty.
  • Cart
  • Lists
    Public lists Eva Luna New books Lux_list list_1
    Your lists Log in to create your own lists
  • Log in to your account
  • Your cookies
  • Search history
Southville International School and Colleges
  • Advanced search
  • Recent comments
  • Most popular
  • Libraries

Log in to your account

Log in with GOOGLE


If you do not have an external account, but do have a local account, you can still log in:

  1. Home
  2. MARC view: Computer fundamentals and logic formulation /
Normal view MARC view ISBD view

Computer fundamentals and logic formulation / (Record no. 24503)

[ view plain ]
MARC details
000 -LEADER
fixed length control field 00715nam a2200253 a 4500
005 - DATE AND TIME OF LATEST TRANSACTION
control field 20140310183525.0
008 - FIXED-LENGTH DATA ELEMENTS--GENERAL INFORMATION
fixed length control field 110803s19uu xx 00 eng d
020 ## - INTERNATIONAL STANDARD BOOK NUMBER
International Standard Book Number 9781111749866
050 ## - LIBRARY OF CONGRESS CALL NUMBER
Classification number TK 7885
Item number .C738 2011
245 ## - TITLE STATEMENT
Title Computer fundamentals and logic formulation /
250 ## - EDITION STATEMENT
Edition statement 2nd
260 ## - PUBLICATION, DISTRIBUTION, ETC. (IMPRINT)
Place of publication, distribution, etc Pasig City, Phils :
Name of publisher, distributor, etc Cengage Learning,
Date of publication, distribution, etc 2011.
300 ## - PHYSICAL DESCRIPTION
Extent 351 p. :
Other physical details ill. ;
Dimensions 24 cm.
500 ## - GENERAL NOTE
General note It includes appendices, glossary and index.
521 ## - TARGET AUDIENCE NOTE
Target audience note
650 ## - SUBJECT ADDED ENTRY--TOPICAL TERM
Topical term or geographic name as entry element Electronic digital computers.
700 ## - ADDED ENTRY--PERSONAL NAME
Personal name Joyce Farrell
700 ## - ADDED ENTRY--PERSONAL NAME
Personal name Greg Anderson
700 ## - ADDED ENTRY--PERSONAL NAME
Personal name David Ferro
700 ## - ADDED ENTRY--PERSONAL NAME
Personal name Robert Hilton
700 ## - ADDED ENTRY--PERSONAL NAME
Personal name Charles H. Roth
942 ## - ADDED ENTRY ELEMENTS (KOHA)
Koha item type Books
Source of classification or shelving scheme Library of Congress Classification
Call number prefix Foreign
Holdings
Withdrawn status Lost status Source of classification or shelving scheme Damaged status Home library Current library Shelving location Date acquired Source of acquisition Total Checkouts Full call number Barcode Date last seen Copy number Price effective from Koha item type
    Library of Congress Classification   College Library College Library General Circulation Section 08/03/2011     TK 7885 .C738 2011 C12557 05/15/2018 1 10/18/2013 Books

Computer fundamentals and logic formulation /

APA

Joyce Farrell, Greg Anderson, David Ferro, Robert Hilton & Charles H. Roth. (2011). Computer fundamentals and logic formulation. Pasig City, Phils: Cengage Learning.

Chicago

Joyce Farrell, Greg Anderson, David Ferro, Robert Hilton and Charles H. Roth. 2011. Computer fundamentals and logic formulation. Pasig City, Phils: Cengage Learning.

Harvard

Joyce Farrell, Greg Anderson, David Ferro, Robert Hilton and Charles H. Roth. (2011). Computer fundamentals and logic formulation. Pasig City, Phils: Cengage Learning.

MLA

Joyce Farrell, Greg Anderson, David Ferro, Robert Hilton and Charles H. Roth. Computer fundamentals and logic formulation. Pasig City, Phils: Cengage Learning. 2011.

  • Place hold
  • Print
  • Cite
  • Add to your cart (remove)
  • Save record
    BIBTEX Dublin Core MARCXML MARC (non-Unicode/MARC-8) MARC (Unicode/UTF-8) MARC (Unicode/UTF-8, Standard) MODS (XML) RIS
  • More searches
    Search for this title in:
    Other Libraries (WorldCat) Other Databases (Google Scholar) Online Stores (Bookfinder.com) Open Library (openlibrary.org)

Exporting to Dublin Core...

SOUTHVILLE LIBRARY

Southville International School and Colleges Library

1281 Tropical Ave. Cor. Luxembourg St., BF Homes International, Las Pinas City

Tel. No. 8256374 / 252358 Loc. 117/146

Powered by Koha